Beware their clause (Record no. 117451)

MARC details
000 -LEADER
fixed length control field 01249cam a2200229 4500
001 - CONTROL NUMBER
control field ABS67790
008 - FIXED-LENGTH DATA ELEMENTS--GENERAL INFORMATION
fixed length control field 040602n2004 000 0 eng u
035 ## - SYSTEM CONTROL NUMBER
System control number (Sirsi) u126382
100 ## - MAIN ENTRY--PERSONAL NAME
Personal name Parisotti, M.
245 ## - TITLE STATEMENT
Title Beware their clause
260 ## - PUBLICATION, DISTRIBUTION, ETC.
Date of publication, distribution, etc. 2004
490 ## - SERIES STATEMENT
Series statement Building
Volume/sequential designation 269(8331) 7 May 2004, 49(1)
520 ## - SUMMARY, ETC.
Summary, etc. Discusses clauses in contracts such as 'no act, failure to act, consent or acceptance by the client shall diminish or reduce the liability of the consultant under this agreement'. This type of clause may look innocuous but can cause problems for the consultant when a client is partly responsible for his misfortune. Here the full cost of the loss can come down on the consultant. Explains the principle of contributory negligence which is the reduction of the claimants claim against the defendant to the extent that the claimant helped bring about his own loss. Advises careful examination of contracts, preferably by a professional liability insurer or a good lawyer.
590 ## - LOCAL NOTE (RLIN)
Local note ABS
590 ## - LOCAL NOTE (RLIN)
Local note ABS
650 ## - SUBJECT ADDED ENTRY--TOPICAL TERM
Topical term or geographic name entry element CONTRACT CLAUSES
650 ## - SUBJECT ADDED ENTRY--TOPICAL TERM
Topical term or geographic name entry element PROFESSIONAL LIABILITY
650 ## - SUBJECT ADDED ENTRY--TOPICAL TERM
Topical term or geographic name entry element CONTRIBUTORY NEGLIGENCE
650 ## - SUBJECT ADDED ENTRY--TOPICAL TERM
Topical term or geographic name entry element CONTRACT CONDITIONS
690 ## - LOCAL SUBJECT ADDED ENTRY--TOPICAL TERM (OCLC, RLIN)
Topical term or geographic name as entry element BUILDING AND CONSTRUCTION-CONTRACTS
942 ## - ADDED ENTRY ELEMENTS (KOHA)
Suppress in OPAC 0
Holdings
Withdrawn status Lost status Source of classification or shelving scheme Damaged status Not for loan Home library Current library Shelving location Date acquired Total Checkouts Full call number Barcode Date last seen Copy number Price effective from Koha item type
    Dewey Decimal Classification     London London Journal article 02/06/2004   ABS67790 126382-1001 06/08/2019 1 06/08/2019 Journal article